<The> Future of the world economy <a> united nations study

Salvato in:
Dettagli Bibliografici
Autore principale: Leontief, Wassily
Altri autori: Carter, Ann P., Petri, Peter A.
Natura: Libro
Lingua:inglese
Pubblicazione: New York Oxford Univ. Press 1977
Tags: Aggiungi Tag
Nessun Tag, puoi essere il primo ad aggiungerne!!

MARC

LEADER 00000nam a2200000 4500
001 c140094
005 20041019155317.8
041 0 |a eng 
044 |a US 
245 1 0 |a <The> Future of the world economy  |b <a> united nations study  |c Wassily Leontief, Ann P. Carter, Peter A. Petri 
264 1 |a New York  |b Oxford Univ. Press  |c 1977 
300 |a 110 s. 
100 1 |a Leontief, Wassily 
700 1 |a Carter, Ann P. 
700 1 |a Petri, Peter A.